=LDR 00000nam 2200000 4500 =001 NUTBA000000000001838 =005 20200302022059 =035 ##$$a 0010-051400000000303 =008 200302################g##########0#ind## =082 ##$$a 297.273 =090 ##$$a 297.273 Ari m =100 #$$a Arif Isnaini =245 1#$$a Mengungkap rahasia rezeki /$c Arif Isnaini =260 ##$$a Surabaya :$b Insan Cendekia,$c 2012 =300 ##$$a vi, 122 hlm : $b ilus ; $c 20,5 x 14,5 cm =020 ##$$a 978-602-19628-1-7 =084 ##$$a 297.273 ARI m =250 ##$$a Cet. 1 =650 #4$$a Islam =504 ##$$a Bibliografi: halaman 120 =990 ##$$a 21303236 =990 ##$$a 21303237 =990 ##$$a 2090101523/BPAP-NTB/2015 =990 ##$$a 21303238 =990 ##$$a 21303234 =990 ##$$a 21303235